| 000 | 00421nam a22001577a 4500 | ||
|---|---|---|---|
| 005 | 20250721092105.0 | ||
| 008 | 250721b |||||||| |||| 00| 0 eng d | ||
| 082 |
_a891.4 _bASH-A |
||
| 100 | _a Muhammad Ashraf Jadon | ||
| 245 | _aAstana-e-Gham / | ||
| 260 |
_aPakistan: _bilmi book publisher; _c2020. |
||
| 300 |
_axiv, 223 p. : _bill; _c24 cm. |
||
| 500 | _ainclude index. | ||
| 650 | _aUrdu Litreature | ||
| 999 |
_c36987 _d36987 |
||